[Event "EU-ch 17th"]
[Site "Gjakova"]
[Date "2016.05.13"]
[Round "2"]
[White "Fressinet, Laurent"]
[Black "Stefansson, Hannes"]
[Result "1-0"]
[WhiteElo "2692"]
[BlackElo "2581"]
[Annotator "Iotov,V"]
[PlyCount "51"]
[EventDate "2016.05.12"]
[EventType "swiss"]
[EventRounds "11"]
[EventCountry "KOS"]
[SourceTitle "CBM 173"]
[Source "ChessBase"]
[SourceDate "2016.07.12"]
[SourceVersion "1"]
[SourceVersionDate "2016.07.12"]
[SourceQuality "1"]

1. e4 c5 2. Nf3 e6 3. d4 cxd4 4. Nxd4 Nc6 5. Nc3 Qc7 6. Be3 a6 7. Qf3 Nf6 8.
O-O-O Nxd4 $1 {Viewed from a certain perspective, this is easily the best move
in the position! The benefit of this move is that it equalises on the spot.
However, achieving about an equal position which is almost impossible to win
is not everyone's cup of tea. This is certainly not a variation to be played
on a daily basis.} (8... Be7 $5) 9. Bxd4 e5 10. Qg3 (10. Be3 d6 11. h3 b5 12.
a3 $1 (12. Bd3 b4 13. Nd5 Nxd5 14. exd5 a5 $11 {1/2-1/2 Caruana,F (2804)
-Harikrishna,P (2763)/Shamkir AZE 2016}) 12... h6 13. g4 Rb8 14. g5 hxg5 15.
Bxg5 Be7 16. Bxf6 Bxf6 17. Nd5 Bg5+ 18. Kb1 Qd8 $11) 10... d6 11. Be3 b5 $2 {
A logical, yet absolutely flawed notion in this position. Black simply does
not have the luxury of creating an attack on the queenside. Taking immediate
control over d5 would have been the only way to safely continue with Black in
this position.} (11... Be6 $1 {[%cal Ga8c8]} 12. Bg5 (12. f4 Rc8 13. Bd3 Qa5 $1
$132) 12... Be7 13. Bxf6 Bxf6 14. Nd5 Bxd5 15. Rxd5 O-O 16. Be2 b5 17. Qd3 Be7
$11 {According to the engine, this is pretty close to an equal position.
However, playing this position could prove to be a nightmare as Black's
queenside and lack of control in the centre leave a lot to be desired in this
position. As I mentioned earler, not everyone's cup of tea...}) 12. f4 $1 Bb7
$6 (12... b4 $5 13. Nd5 Nxd5 14. exd5 Bf5 15. Qf2 g6 16. Bd3 Bxd3 17. Rxd3 $32)
(12... Be6 13. Nd5 Bxd5 14. exd5 Rc8 15. c3 Ne4 16. Qe1 Be7 17. Bd3 $16) 13.
Bd3 Nh5 $1 {Black's developmental disadvantage is beyond recovery. The only
option that is left is to attack!} (13... Be7 $5 14. Qxg7 Rg8 15. Qh6 b4 16.
Na4 Bxe4 17. Bxe4 Nxe4 18. Qxh7 Nf6 19. Qf5 $1 Rxg2 20. fxe5 dxe5 21. Rdg1
Rxg1+ 22. Rxg1 Rd8 23. Nb6 $16) (13... Rc8 14. fxe5 dxe5 15. Kb1 g6 (15... b4
$6 16. Nd5 $1 Nxd5 17. exd5 $18) 16. Rhf1 Bg7 17. Bg5 $16) (13... b4 14. fxe5
dxe5 15. Nd5 Nxd5 16. exd5 g6 17. Qf2 $16 {[%csl Rf7][%cal Ge3c5,Gf2f6]}) 14.
Qg4 Nxf4 15. Bxf4 exf4 {[%csl Rf8,Yg7][%cal Gg4g7]} (15... h5 16. Qf5 exf4 17.
e5 $40 {[%csl Re8][%cal Gd3b5]}) 16. Nd5 $1 (16. Qxf4 $6 Be7 $11) 16... Qd8 $4
{Black cannot have it all in this position. It is impossible to save a
position with so few active pieces and such an exposed king. Sacrifices must
be made, and exchanging the queens is more than Black could hope for in order
to try and save the position.} (16... Qd7 $1 17. Qxd7+ (17. Qxf4 Be7 18. Kb1
Bxd5 19. exd5 O-O 20. h4 Rae8 $132) 17... Kxd7 18. Nb6+ Kc7 19. Nxa8+ Bxa8 20.
c4 b4 $132 {- With the potential to turn the tide quite fast if White were to
make an inacuracy!}) 17. Rhe1 $1 {[%csl Gd1,Gd5,Ge1,Re8]} h5 (17... Qd7 $5 {
It's never too late to admit a mistake!}) 18. Qxf4 $18 {[%csl Re8]} Bxd5 (18...
Rh6 {[%csl Ye8][%cal Gh6e6] Last chance for redemption!} 19. Re3 $1 Re6 20. Rf1
f6 21. Qg3 Re5 22. Be2 Bxd5 23. exd5 $18 {[%csl Re8,Rf8] White may be winning
here, but it's still not over from a practical point of view.}) 19. exd5+ Be7
20. Re3 {[%csl Re8]} Kf8 21. Rde1 Bf6 22. Re8+ Qxe8 23. Rxe8+ Rxe8 24. Qxd6+
Kg8 25. Qxa6 Be5 26. Bxb5 1-0

[Event "RUS-chT"]
[Site "Dagomys"]
[Date "2008.04.02"]
[Round "1"]
[White "Wang, Hao"]
[Black "Potkin, Vladimir"]
[Result "1-0"]
[WhiteElo "2684"]
[BlackElo "2617"]
[Annotator "Kritz,L"]
[PlyCount "115"]
[EventDate "2008.04.02"]
[EventType "team"]
[EventRounds "11"]
[EventCountry "RUS"]
[SourceTitle "CBM 124"]
[Source "ChessBase"]
[SourceDate "2008.05.28"]
[SourceVersion "1"]
[SourceVersionDate "2008.05.28"]
[SourceQuality "1"]
[WhiteTeam "Moscow ShSM-64"]
[BlackTeam "Moscow ShSM-64"]
[WhiteTeamCountry "RUS"]
[BlackTeamCountry "RUS"]

1. e4 c5 2. Nf3 e6 3. d4 cxd4 4. Nxd4 Nc6 5. Nc3 Qc7 6. Be3 a6 {Hauptstellung
in der klassischen Paulsen Variante. Neben dem Partiezug hat Weiss weitere 3
gute Fortsetzungen:} 7. Qd2 (7. Bd3 Nf6 8. O-O Nxd4 $5 {Dies ist der am
dritthaeufigsten gespielter Zug, aber, meiner Meinung nach, der beste.} 9. Bxd4
Bc5 10. Bxc5 Qxc5 11. Kh1 (11. Na4 Qc7 12. c4 d6 13. Nc3 b6 $132 {Ein Igel bei
dem 2 Leichtfiguren getauscht sind, gilt normalerweise als gut fuer Weiss,
doch aufgrund des schlechten weissen Laeufers hat Schwarz genuegendes
Gegenspiel.}) 11... e5 12. f4 d6 $132 {Schwarz hat keine Schwierigkeiten,
weisser Laeufer auf d3 kommt kaum zum Spiel.}) (7. Be2 {Ist die alte
Hauptvariante, die zuletzt wegen dem Plan mit der langen Rochade etwas in den
Schatten geraten ist. Trotzdem empfehlenswert!} Nf6 8. O-O Bb4 9. Na4 $1 {
Hier faengt erst die Theorie an, die vorkommenden Stellungen sind sehr
interessant und gut spielbar fuer beide Seiten.}) (7. g3 {Eine eher seltene
Fortsetzung.} Nf6 8. Bg2 Bb4 (8... Bc5 $2 9. Nxe6 $1 $18) 9. O-O Ne5 (9... Bxc3
10. bxc3 Ne5 11. Bf4 d6 $132) 10. Nde2 O-O 11. a3 Be7 12. h3 d6 $132) 7... Nf6
8. O-O-O Bb4 (8... b5 {Ist eine Alternative, die allerdings keinen guten Ruf
hat, und das zurecht.} 9. Bf4 Qb6 ({Huebsch ist die Widerlegung von} 9... e5
10. Nxc6 exf4 (10... dxc6 $2 11. Bxe5 $18) 11. e5 $1 {Nur so! Sonst bekommt
Schwarz gutes Spiel:} (11. Nd4 Bb4 12. f3 O-O 13. Nde2 d5 $1 14. exd5 Bd6 $44)
11... dxc6 12. exf6 Be6 13. Ne4 Bd5 14. c4 $3 Bxe4 (14... bxc4 15. Bxc4 Bxc4
16. Qc3 $1 g6 17. Qxc4 $18) 15. Qd4 gxf6 (15... Bg6 16. Re1+ $18) 16. Qxe4+ Be7
17. g3 $16) 10. Nxc6 (10. Nb3 $5 Ng4 11. h3 Nge5 (11... Nxf2 12. Be3 $18) 12.
Kb1 d6 13. Be3 Qb7 14. Ka1 $1 {Wichtige Profylaxe!} (14. f4 Nc4 15. Bxc4 bxc4
16. Nd4 Rb8 $132) 14... Rb8 15. Nd4 Bd7 (15... Nc4 16. Bxc4 bxc4 17. Rb1 $1 $14
{Es ist wichtig, dass Weiss kein b3 spielt!}) 16. f4 Nc4 17. Bxc4 bxc4 18. Rb1
Be7 19. g4 O-O 20. Nde2 $14 {Anand - Oral (Eppingen, 2005)}) 10... dxc6 11. Bd3
{Das ist wohl der sicherste Weg, einen sehr stabilen und sicheren Vorteil zu
erlangen.} (11. e5 {ist aggressiver, aus praktischer Sicht aber nicht staerker}
Nd5 12. Ne4 Ra7 13. h4 Rd7 14. Bg3 c5 15. h5 h6 16. Rh4 c4 17. Nd6+ Bxd6 18.
exd6 O-O 19. Rg4 f5 20. Qxh6 fxg4 21. Qxe6+ Rdf7 22. Qxd5 $36 {Shirov -
Movsesian (Sarajevo, 2005)}) 11... Be7 12. e5 Nd5 13. Nxd5 cxd5 14. Be3 Qc7 15.
f4 b4 16. Rhf1 a5 17. f5 $14 {Navara - Movsesian (Prague, 2005)}) 9. f3 {
Das ist die Tabia der Variante mit der langen Rochade. Schwarz hat eine Hand
voll von Moeglichkeiten.} Ne7 (9... b5 {Wird ziemlich selten gespielt, Weiss
kommt leicht zum Vorteil.} 10. Bf4 Ne5 (10... e5 11. Nxc6 Bxc3 12. Qxc3 exf4
13. Qe5+ Qxe5 14. Nxe5 $16) 11. Nc6 $3 Nd3+ (11... dxc6 12. Bxe5 Qb6 13. Qg5
$16) (11... Bxc3 12. bxc3 Qxc6 13. Bxe5 $16) (11... Qxc6 12. Bxe5 Be7 13. a3
Bb7 14. g4 h6 15. h4 $16) 12. cxd3 Qxc6 13. Kb1 O-O 14. Rc1 $14) (9... d5 $6 {
Dieser Zug ist ein seltener Gast in der Turnierpraxis.} 10. a3 $1 Bxc3 11. Qxc3
dxe4 12. fxe4 Nxe4 13. Qd3 Nc5 (13... f5 14. Qc4 e5 15. Nxc6 Qxc6 16. Rd5 $1
$16) 14. Qc4 Nd7 15. Nxc6 Qxc6 16. Qg4 g6 17. Be2 $16 {Weiss hat eine sehr
starke Initiative fuer den geopferten Bauer. Kramnik - Ljubojevic (Monte Carlo,
2003)}) (9... O-O 10. g4 b5 (10... e5 $2 11. Nf5 d5 12. Bh6 $1 (12. exd5 $6
Bxf5 13. gxf5 Rfd8 14. Bg5 Rxd5 $15) 12... Ne8 (12... Bxf5 13. gxf5 Bxc3 (13...
gxh6 14. Qxh6 Ne8 15. Nxd5 Qd6 16. f6 Bc5 17. Bh3 $18) 14. bxc3 Ne7 (14... gxh6
15. Qxh6 Ne8 16. Rg1+ Kh8 17. Qxf8#) 15. Rg1 g6 16. Bxf8 Rxf8 17. Qe3 $16) 13.
Bxg7 $1 Nxg7 14. Qh6 f6 15. Nxd5 Qf7 {Vuckovic - Ivanisevic (Mataruska Banja,
2008)} 16. Nxb4 $1 {Das ist die Verbesserung der Partie, die wohl zum grossen
weissen Vorteil fuehrt.} Bxf5 (16... Nxb4 17. Bc4 Ne6 (17... Be6 18. Qxg7+ Qxg7
19. Bxe6+ Kh8 20. Nxg7 Kxg7 21. Rd7+ $18) 18. Qd2 $1 $18 {Mit dem
ueberaschendem Doppelangriff auf b4 und Gabel Nh6}) 17. Nxc6 Be6 18. Nb4 Bxa2
19. Rg1 $18) 11. g5 (11. h4 $5 {Die Idee zuerst h4 zuspielen besteht darin,
dass Weiss nicht moechte, den Springer nach h5 kommen zu lassen. Deswegen
plannte ich h4-h5 und erst dann g5. Leider erwies sich der Plan als zu langsam.
} Ne5 $6 {Eine Gegenungenauigkeit. Besser waere 11....Bb7} (11... Bb7 12. h5
Nxd4 13. Qxd4 Bxc3 14. Qxc3 Qxc3 15. bxc3 d5 16. g5 Nd7 $132 {Und Weiss hat
nichts erreicht - der Springer hat sich ein gutes Feld gefunden.}) 12. a3 (12.
h5 $5 Nc4 13. Bxc4 Qxc4 14. h6 g6 15. Nde2 $16) 12... Be7 13. h5 b4 $15 {
Kritz - Damljanovic (Crete, 2007)}) 11... Nh5 12. Kb1 Nxd4 13. Qxd4 Bxc3 14.
Qxc3 Qxc3 15. bxc3 d5 16. Be2 (16. e5 Bb7 17. Kb2 Rfc8 $132 {Demnaechst spielt
Schwarz g6-Ng7-Nf5 und Weiss hat kaum Chnacen, die Stellung zu knacken.}) (16.
exd5 exd5 17. Rxd5 Bb7 18. Rd4 Bxf3 $132) 16... g6 17. exd5 exd5 18. Rhe1 (18.
Rxd5 Re8 19. Bd4 (19. Rd3 $2 Bf5 $17) 19... Nf4 20. Re5 Rxe5 21. Bxe5 Nxe2 22.
Re1 Bb7 23. Rxe2 Bxf3 $11) 18... Re8 19. Bd3 $14 {Einen kleinen Vorteil
besitzt Weiss zwar, doch ist er sehr schwer zu realisieren. Anand - Polgar 
(Canada de Calatrava, 2007)}) (9... Na5 {Die Variante, die sehr oft von V.
Anand gespielt wurde.} 10. Kb1 (10. Nb3 d5 11. Kb1 Nxb3 12. axb3 dxe4 13. Nb5
Qe7 14. Nc7+ Qxc7 15. Qxb4 Nd5 $1 {Dank der Rueckeroberung des
schwarzfeldrigen Laeufers kann Schwarz den Ausgleich halten.} 16. Qxe4 Nxe3 17.
Qxe3 Bd7 18. Qd4 e5 19. Qb4 O-O-O $11 {Topalov - Anand (Sofia, 2004)}) 10...
Bxc3 11. bxc3 d5 12. Nb3 h6 (12... Nc4 $5 13. Bxc4 dxc4 14. Nc5 Bd7 15. Qd6
O-O-O 16. Qxc7+ Kxc7 17. Rd4 Bb5 18. a4 Rxd4 19. cxd4 Bc6 20. a5 $1 $14 {
Das Endspiel sieht absolut remislich aus, doch in Wirklichkeit verfuegt Weiss
ueber einen kleinen Vorteil Dank dem starken Zentrum und dem Bauer c4, der
sich von seinen Kolegen auf dem Damenfluegel abgetrennt hat. Volokitin - Haba 
(Erfurt, 2005)}) 13. Bf4 e5 14. Bxe5 Qxe5 15. Nxa5 Be6 16. Qd4 Qc7 17. e5 Nd7
18. Nb3 Qxe5 19. c4 Qxd4 20. Nxd4 Nb6 21. Nxe6 fxe6 22. cxd5 Nxd5 23. Rd2 Rc8 {
Leko - Anand (Wijk aan Zee, 2004)}) (9... Ne5 {Mit Abstand der populaerste Zug
heute.} 10. Nb3 b5 (10... Bxc3 11. Qxc3 Qxc3 12. bxc3 d5 13. Bd4 Nc6 14. Bxf6
gxf6 15. exd5 exd5 16. Rxd5 $16) 11. Qe1 (11. Kb1 {Ist eine Alternative,
allerdings ist Schwarz danach in Ordnung.} Nc4 12. Bxc4 bxc4 13. Nc1 Rb8 $132)
11... Be7 $13 {Die theoretischen Varianten sind hier lang und reichen bis zu
dem Endspiel.}) 10. Nde2 h6 $6 {Eine Neuerung, die aber kaum spielbar ist. Es
ist unklar, warum Schwarz sich auf diese Stellung eingelassen hat, die
uebliche Fortsetzung verspricht Weiss einen eher symbolischen Vorteil.} (10...
d5 11. Bg5 dxe4 12. Bxf6 gxf6 13. Qd4 exf3 14. Qxb4 (14. Qxf6 Ng6 15. Qxf3 {
Spraggett - Rodriguez Guerrero (Madrid, 2002)} Bd7 $1 16. Ne4 O-O-O 17. Qxf7
Ne5 18. Qg7 Bc6 $44) 14... fxe2 15. Bxe2 f5 $1 {Und was immer Weiss versucht
hat, ueber ein Unentschieden kam er hier nicht raus.} 16. Rhe1 (16. Rd6 Bd7 17.
Rhd1 Bc6 18. Qd4 {Der Versuch, die schwarze Stellung auf der D-Linie zu
"zerschneiden" bringt auch nicht viel.} O-O 19. g4 Rfe8 20. h4 Rac8 21. Qf4 Nd5
22. Qg5+ Kh8 23. R6xd5 {1/2-1/2 Volokitin - Ribli (Neum, 2005)}) (16. Bb5+ {
Auch der direkte Gewinnversuch scheitert.} axb5 17. Nxb5 Qa5 18. Qc5 f6 $1 (
18... O-O $2 19. Rd3 Qxa2 20. Qxe7 Ra4 21. Qg5+ Kh8 22. Qf6+ Kg8 23. Qg5+ Kh8
24. Nd6 $18 {Cheparinov - Ivanov (Coria del Rio, 2005)}) 19. b4 Qxa2 20. Rd8+
$3 {Weiss muss schon an die Rettung denken.} Kxd8 21. Qc7+ Ke8 22. Nd6+ Kf8 23.
Qd8+ Kg7 24. Qxe7+ Kg6 25. Qf7+ Kg5 26. Qg7+ Kh5 27. Qf7+ Kg5 $11) 16... Bd7
17. Bh5 Rg8 18. g4 Nc6 19. Qc4 O-O-O 20. gxf5 Rgf8 21. Bxf7 exf5 22. Nd5 Qxh2
23. Nb6+ {1/2-1/2 Motylev - Ribli (Saint Vincent, 2005)}) (10... b5 11. g4 (11.
Qd4 $5 Nc6 12. Qb6 Qxb6 13. Bxb6 {Ueblicherweise ist das Endspiel schon
vorteilhaft fuer Weiss, aber da der Springer auf e2 nicht sehr gut steht,
bekommt Schwarz ganz konkret den Ausgleich.} d6 $1 14. Nd4 Nxd4 15. Rxd4 (15.
Bxd4 e5 16. Be3 Ke7 $11) 15... Bc5 16. Bxc5 dxc5 17. Rd1 $11 {Almasi -
Nisipeanu (Sibenik, 2006)}) 11... h6 12. Qe1 Bc5 13. Bxc5 Qxc5 14. Nd4 Bb7 (
14... e5 $6 15. Nb3 Qc7 16. h4 Bb7 17. Rh2 d5 18. exd5 Nexd5 19. Nxd5 Nxd5 (
19... Bxd5 20. Re2 e4 21. g5 hxg5 22. hxg5 Qf4+ 23. Qd2 Nh5 24. fxe4 $14) 20.
Na5 $16 {Akopian - Timman (Carlsbad, 2007)}) 15. Nb3 Qc7 16. Qg3 Rc8 17. Qxc7
Rxc7 18. h4 $5 (18. a4 bxa4 19. Nxa4 Nxe4 $5 20. fxe4 Bxe4 21. Bd3 Bxh1 22.
Rxh1 Nd5 $132 {Bologan - Nisipeanu (Olite, 2006)}) 18... d5 {Sonst kommt
Rh2-Rd2} 19. Bxb5+ $1 axb5 20. Nxb5 Kd8 (20... Rc6 21. Na5 Rb6 22. Nxb7 $16) (
20... Rd7 21. Nc5 Bc6 22. Nxd7 Kxd7 23. Nd4 $14) 21. Nxc7 Kxc7 22. Nc5 $132)
11. Qd4 {Das ist fast immer das einfachste und gleichzeitig das sicherste - in
das Endspiel abzuwickeln, wo man risikofrei mit einem kleinem Vorteil spielen
kann.} (11. a3 Ba5 12. Bf2 (12. Bf4 e5 13. Bg3 O-O 14. Qe3 b5 15. f4 d6 $132)
12... b5 13. Qe3 Rb8 14. Bg3 e5 15. f4 d6 16. fxe5 dxe5 17. Nd5 Nfxd5 18. exd5
Bf5 $132) 11... Nc6 (11... Ba5 12. Bf4 Qd8 13. Bd6 $16 {Das ist natuerlich der
Traum von Weiss!}) 12. Qb6 Ba5 $1 (12... Qxb6 $2 13. Bxb6 O-O 14. h4 $1 $16 {
Weiss rollt einfach Bauern am Koenigsfluegel, waehrend Schwarz vergeblich nach
Gegenspiel suchen muss.}) 13. Qxc7 Bxc7 14. Na4 $1 (14. h4 {Ist hier zu
langsam, weil Schwarz am Damenfluegel nicht blockiert ist, und daher zum
Gegenspiel kommt.} b5 15. Nf4 Bb7 $132) 14... b5 15. Nb6 Rb8 {Der
schwarzfeldriger Laufer ist natuerlich viel wichtiger als sein weissfeldriger
Kollege!} (15... Bxb6 $2 16. Bxb6 Bb7 17. Nf4 Rc8 18. Be2 Ne5 19. b3 $16) 16.
Nxc8 Rxc8 17. Kb1 (17. Nd4 $2 Bb6 $1 18. a4 Rb8 $1 $11 {Nach dem kollektiven
Tausch auf d4 in naher Zukunft wird sich die Stellung zu sehr vereinfachen.})
17... d5 (17... Ne5 18. Nd4 Bb6 19. a4 Nc4 20. Bxc4 bxc4 21. Rhe1 $14) 18. a4
$1 O-O (18... bxa4 $5 19. Nc3 Rb8 (19... Ra8 20. exd5 exd5 21. Nxd5 Nxd5 22.
Rxd5 $16) 20. exd5 Nxd5 21. Nxd5 exd5 22. Rxd5 a3 23. b3 a2+ $1 24. Kb2 Be5+
25. Rxe5+ $1 Nxe5 26. Bxa6 Ra8 27. Bb7 Ra5 28. Ra1 Kd7 29. Rxa2 $14) 19. axb5
axb5 20. Nd4 Nxd4 21. Bxd4 Rb8 (21... b4 22. Bxf6 gxf6 23. exd5 Rfd8 24. Bc4
$16) 22. Bxf6 gxf6 23. exd5 Rfd8 24. Be2 exd5 25. Ka2 $1 $14 {Weisser Vorteil
ist ziemlich gross, obwohl ungleichfarbige Laeufer als Remisfaktor am Brett
sind. Schwarze Bauern b5 und d5 sind schwach, auch die Bauernstruktur am
Koenigsfluegel ist zerstoert. Dazu kommt noch Aktivitaet des weissen Koenig.
All das traegt dazu bei, dass die Stellung zwischen +/= und +/- einzuschaetzen
ist.} Re8 26. Bd3 b4 27. Kb3 Ra8 28. h3 Kg7 29. Ra1 Bd6 30. Rhd1 Bf8 31. Rxa8
Rxa8 32. Bb5 Rc8 33. Rd4 Be7 34. Rxd5 Rc5 35. Rd7 Re5 36. Bd3 Re3 37. Rxe7 Rxe7
38. Kxb4 Kf8 39. Be4 Re5 40. g4 Ke7 41. c4 Kd6 42. Kc3 f5 43. gxf5 Re8 44. b4
Rg8 45. c5+ Kd7 46. b5 Rg3 47. f6 Kd8 48. b6 Rxh3 49. c6 Rh5 50. c7+ Kc8 51.
Kb4 Rg5 52. f4 Rg8 53. Kc5 Re8 54. Bf3 h5 55. Bxh5 Kb7 56. Bf3+ Ka6 57. b7 Ka7
58. b8=Q+ 1-0

[Event "EU-ch 13th"]
[Site "Plovdiv"]
[Date "2012.03.25"]
[Round "6"]
[White "Istratescu, Andrei"]
[Black "Jankovic, Alojzije"]
[Result "1-0"]
[WhiteElo "2633"]
[BlackElo "2553"]
[Annotator "Kritz,L"]
[PlyCount "71"]
[EventDate "2012.03.20"]
[EventType "swiss"]
[EventRounds "11"]
[EventCountry "BUL"]
[SourceTitle "CBM 148"]
[Source "ChessBase"]
[SourceDate "2012.05.16"]
[SourceVersion "1"]
[SourceVersionDate "2012.05.16"]
[SourceQuality "1"]

1. e4 c5 2. Nf3 e6 3. d4 cxd4 4. Nxd4 Nc6 5. Nc3 Qc7 6. Be3 a6 7. Qd2 Nf6 8. f3
{Üblicherweise spielt man zuerst 0-0-0. Aber es kann sein, dass das frühe f3
gegen die Variante mit ...Be7 besser geeignet ist.} (8. O-O-O Be7 $5 {Ein
seltener Zug. Normalerweise spielt man hier 8...Bb4, um früher oder später den
Zug a3 zu erzwingen und damit den weißen König zu schwächen, und erst dann
geht der Läufer zurück nach e7.} 9. f3 O-O (9... b5 10. g4 d6 (10... O-O {
->führt zu Zugumstellung}) 11. g5 Nd7 12. Nxc6 $1 {Solange Schwarz mit der
Dame zurücknehmen muss, nutzt Weiß die Gelegenheit, seinen c3-Springer ins
Zentrum überzuführen.} Qxc6 13. Ne2 Bb7 14. h4 Ne5 15. Nd4 Qc7 16. h5 Rc8 17.
Rh3 $1 $14) 10. g4 b5 {Beide Seiten beschäftigen sich mit ihren eigenen Plänen.
} ({Nach} 10... d6 11. g5 Nd7 {entsteht eine theoretische Stellung aus dem
Najdorf mit Nc6.} 12. h4 Nxd4 13. Bxd4 b5 14. Kb1 $14 {Die weißen Perspektiven
sind etwas besser, denn seine Bauern am Königsflügel sind schon weit
vorgedrungen.}) 11. g5 Ne8 $132 {Gashimov - Morozevich (Dagomys, 2008)}) 8...
Be7 9. g4 {In diesem Fall kann Weiß sofort g4 spielen und seinen Angriff
schneller starten. Jedoch, später wird er sowieso rochieren müssen.} b5 (9...
d6 10. O-O-O $14 {das ist eine günstige Zugumstellung für Weiß.}) 10. g5 Nh5
11. O-O-O Ne5 {Auch in der Hauptvariante 11...0-0 ist es schwer für Weiß,
etwas Konkretes rauszuholen.} (11... O-O 12. Nce2 Rd8 13. Ng3 Nxd4 14. Qxd4 Nf4
15. h4 Bb7 16. Kb1 Rac8 17. Rd2 Bc5 $11 {Vallejo Pons (2705) - Giri (Beijing,
2011)}) 12. Kb1 $5 {Ein typischer Zug.} (12. f4 Nc4 13. Bxc4 bxc4 14. Nde2 (14.
Nf5 $5 Bb4 15. Nd6+ Bxd6 16. Qxd6 Qxd6 17. Rxd6 Bb7 18. Rhd1 Bc6 19. R6d4 {
1/2-1/2 Micic - Mastrovasilis (Novi Sad, 2002)}) 14... Rb8 15. Qd4 f6 16. gxf6
Nxf6 17. Rhg1 O-O 18. e5 Ne8 19. Ne4 Qc6 20. N2c3 Rf7 21. Rg3 Kh8 22. Rdg1 Bb7
$132 {Svetushkin - Rajkovic (Vrnjacka Banja, 2010)}) 12... b4 13. Na4 {Der
Springer steht auf a4 ziemlich solid. Schwarz hat nicht genug Zeit, um d6-Bd7
zu spielen.} Rb8 (13... d6 14. f4 Ng4 (14... Nc4 $4 15. Bxc4 Qxc4 16. Nb6 $18)
15. Bg1 $1 Bd7 16. Be2 e5 17. Nf5 $16) (13... Bb7 14. Be2 $1 d5 15. b3 $1 (15.
f4 Nc4 16. Bxc4 dxc4 $15) 15... dxe4 16. fxe4 g6 17. Bxh5 gxh5 18. Bf4 $14) 14.
b3 $1 {Erstens, man nimmt das Feld c4 unter Kontrolle, und zweitens, der
Springer a4 ist nun gedeckt und kann, wenn nötig, über b2 fliehen.} O-O 15. Bh3
{Weiß will f4-Bg4 spielen.} Ng6 (15... d6 16. Bg4 $5 (16. f4 Ng6 17. Ne2 $14)
16... g6 17. Bxh5 gxh5 18. f4 $16) 16. Ne2 $1 {Um den Springer nicht nach f4
zu lassen.} (16. Bg4 Ngf4 $1 (16... Nhf4 17. h4 $1 $16) 17. Nb2 f6 18. gxf6
Bxf6 $132) 16... e5 $6 {Weiß kommt nun in Vorteil.} (16... f5 $1 {ein sehr
interessanter Versuch!} 17. exf5 exf5 18. Rhe1 Bb7 $132) 17. Bg4 Ngf4 (17...
Nhf4 18. h4 Ng2 19. Rh2 Nxe3 20. Qxe3 Nf4 21. Nxf4 exf4 22. Qd4 $14) 18. Ng3 $1
g6 (18... Nxg3 $4 19. hxg3 Ne6 20. Rxh7 $1 (20. Qh2 h6 21. gxh6 g6 $16) 20...
Kxh7 21. Rh1+ Kg8 22. Qh2 $18) 19. Bxh5 Nxh5 (19... gxh5 20. Bxf4 exf4 21. Nxh5
Qe5 22. Nb2 $18) 20. Nxh5 gxh5 21. Rhg1 (21. c4 $5 {sieht sehr gut aus!} bxc3
22. Qxc3 Qxc3 23. Nxc3 $16 {Weiß hat riesigen strategischen Vorteil.}) 21... d6
22. Qf2 $1 {Weiß hat zwei Ziele in Sicht: erstens, Qh4-Qxh5, zweitens, was
sogar noch gefährlicher ist, Nb6-Nd5.} Be6 {Nun kann Schwarz aufgeben. Die
einzige Chance war, das Manöver Nb6-Nd5 zu verhindern.} (22... Bd8 23. Qh4 Bd7
24. Nb2 Be7 25. Qxh5 Rfc8 26. Nc4 $16 {und trotzdem steht Weiß fast auf Gewinn.
} Be6 $2 27. g6 $3 hxg6 28. Rxg6+ fxg6 29. Qxg6+ Kh8 30. Qh6+ Kg8 31. Rg1+ Kf7
32. Qg6+ Kf8 33. Bh6#) 23. Nb6 $1 a5 24. f4 (24. Nd5 Bxd5 25. Rxd5 a4 26. bxa4
$1 Ra8 27. Bb6 Qc3 28. a5 $16) 24... exf4 25. Bd4 a4 26. Nd5 {Schwarz ist
nicht schnell genug.} Bxd5 27. exd5 axb3 28. axb3 Rfc8 29. Rd2 {Der weiße
König ist nicht schwach, weil der Turm d2 und der Läufer d4 ihn sehr gut
verteidigen.} Qa5 (29... Bf8 30. Qxf4 Bg7 31. Bxg7 Kxg7 32. Qf6+ Kg8 33. g6
hxg6 34. Rxg6+ fxg6 35. Rg2 Qg7 36. Rxg6 Qxg6 37. Qxg6+ Kf8 38. Qxd6+ $18) 30.
Qxf4 Qxd5 31. Re1 (31. g6 $1 {würde sofort gewinnen.} fxg6 (31... hxg6 32. Qh6
$18) 32. Qh6 Qf7 (32... Bf8 33. Rxg6+ hxg6 34. Qxg6+ $18) 33. Rdg2 Bf6 34.
Rxg6+ hxg6 35. Rxg6+ $18) 31... Rc7 32. Bf6 Qb7 33. Rde2 Bf8 34. Bd4 f6 35.
gxf6 Rf7 36. Qg5+ {Nach 36...Kh8 folgt Re8 mit der Idee Qg7.} 1-0